00306nam a2200121Ia 4500008004100000100001300041245004200054260004300096300000900139650001200148942000700160999001700167190216s9999||||xx |||||||||||||| ||und|| aLaud B B 0aFundamentals Of Statistical Mechanics bNew Age International Publishersc1998 a259p aPhysics cBK c33460d33460